Statistics for Iron Man Characters!

Click here to take the quiz!

General Stats

  • This quiz has been taken 697 times
    (696 since last reset)
  • The average score is 14 of 47

Answer Stats

HintAnswer% Correct
Suffers a severe chest injury during a kidnapping which he uses to his advantage.Anthony (Tony) Stark
95%
Romantic love interest of Tony Stark.Virginia "Pepper" Potts
88%
Name of the suit of ^.Iron Man
87%
Name of the suit of ^. (Not the red, white, and blue one.)War Machine
79%
Tony Stark's artificially intelligent computer.It is programmed to speak with a male voice in a British accent.J.A.R.V.I.S
78%
Good friends with Tony Stark. In Iron Man 3 his armor is red, white, and blue.James Rhodes
73%
The director of S.H.I.E.L.D..Nick Fury
69%
Code name Black Widow, this character is an agent of S.H.I.E.L.D..Natasha Romanoff
66%
Tony Stark's fellow captive in Afghanistan who saves his life.Professor Ho Yinsen
57%
The Hulk. (Appears in Iron Man 3)Bruce Banner
56%
The name of the red, white, and blue armor.Iron Patriot
55%
Tony Stark's personal chauffeur and bodyguard, and one of his closest friends.Harold "Happy" Hogan
54%
Business rival of Tony Stark. After making a deal with the villain of Iron Man 2, he is arrested and taken into S.H.I.E.L.D. custodyJustin Hammer
52%
Easy question: character played by ^.The Mandarin
48%
Father to Tony Stark.Howard Stark
46%
Name of the suit of ^Iron Monger
46%
Name of the suit of ^.Whiplash
45%
The villain in the Iron Man 1. (The one who is thought to be good at first.)Obadiah Stane
44%
Espionage agent working for S.H.I.E.L.D..Phillip Coulson
43%
Villain of Iron Man 2 bent on the destruction of the Stark family.Ivan Vanko
41%
Scientist who is the true alter-ego of the mandarin. (Created A.I.M.)Aldrich Killian
37%
Drunken British actor who plays "The Mandarin".Trevor Slattery
27%
Young boy who finds Tony Stark in his garage. (Iron Man 3)Harley Keener
20%
Russian who worked with Tony Stark's father. He was also the father of the villain in Iron Man 2.Anton Vanko
18%
An investigative reporter who interviews Tony Stark near the beginning of Iron Man 1.Christine Everhart
16%
Army of robots at the end of Iron Man 2.Hammer Drones
16%
Worked with the villain from Iron Man 3, discovered a way to change the human body, and is killed by her boss later in the movie.Maya Hansen
14%
One of Tony Stark's robot helpers.Dum-E
12%
Terrorist who holds Tony Stark captive.Raza
9%
The name of the president in Iron Man 3. (Last name)President Ellis
8%
Demands that Tony to turn over iron man technology to the governmentSenator Stern
8%
Main henchman of ^, who is followed by Happy.Eric Savin
5%
Exploded in Rose Hill, Tennessee, when his body rejects the serum made by A.I.M..Chad Davis
4%
Former soldier working for A.I.M, who bumps into Tony Stark as he was heading into Neptune's bar.Ellen Brandt
4%
The name of the mother of ^. (Last name, so this should be an easy question if you got ^ right!)Mrs. Davis
4%
Member of the terrorist group who detained Tony Stark.Abu Bakar
3%
A scientist who was introduced to Tony by the man he was held captive with(#8). This man also calls Tony in Iron Man 3.Dr. Wu
2%
A group of dancers wearing bikini-like Iron Man outfits. (From the beginning of Iron Man 2)Ironette Dancers
2%
Exploded when his body rejected the serum; this event is what injured ^.Jack Taggart
2%
The name of the vice president in Iron Man 3. (Last name)Vice President Rodriguez
2%
High ranking officer of the United States Armed Forces in Afghanistan.William Gabriel
2%
Was Pepper's secretary when she became CEO of Stark Industries.Bambi Arbogast
1%
Presented some news reports about the opening of the Stark Expo in Iron Man 2.Chess Roberts
1%
CEO of Oracle Corporation, who is a billionare playboy, who is often compered to Tony.Larry Ellison
1%
Member of the Ten Rings terrorist group.Omar
1%
Reported from Gulmira about Iron Man's strikes against the Ten Rings. (Appears in Iron Man 1.)Amira Ahmed
0%
Member of the United States Armed Forces who detected Iron Man flying in Afghanistan.Lacy
0%

Score Distribution

Percentile by Number Answered

Percent of People with Each Score

Your Score History

You have not taken this quiz since the last reset